书目信息 |
| 书名: | Lessons from Our Children | |
| 作者: | Joan Aho Ryan | |
| 分册号: | ||
| 分册名: | 出版地: | AMERICA |
|
| 出版社: | HCI | |
| 出版时间: | 1999 | |
| 页数: | 205P | |
| 开本: | 22CM | |
| 丛书名: | ||
| 中图分类号: | ||
| 科图分类号: | ||
| 其他分类号: | I18 | |
| 主题词: | ||
| 电子资源: | ||
| 000 | 00405nam0 2200145 450 | |
| 001 | 202012001360 | |
| 005 | 20121108161355.0 | |
| 008 | 12110801s | |
| 020 | @a9781558746916@c$10.95 | |
| 099 | @dI18@eJ622 | |
| 245 | 10 | @aLessons from Our Children@bA Tribute to the Wisdom of Kids@cJoan Aho Ryan |
| 260 | 0 | @aAMERICA@bHCI@c1999 |
| 300 | @a205P@c22CM | |
| 905 | @b10599 | |
| 905 | @aTSG@dI18@eJ622 | |
| Lessons from Our Children : A Tribute to the Wisdom of Kids / Joan Aho Ryan .-AMERICA : HCI , 1999 |
| 205P ; 22CM |
| ISBN 9781558746916$10.95 |
| ● |
| 相关链接 |
|
|
|
正题名:Lessons from Our Children
索取号:I18/J622
 
预约/预借
| 序号 | 登录号 | 条形码 | 馆藏地/架位号 | 状态 | 备注 |
| 1 | 10599 | 300105990 | 文学库108/400A自科库 15排2列3层/ [索取号:I18/J622] | 在馆 |